[Event "Box Hill op"]
[Site "Box Hill"]
[Date "2019.12.06"]
[Round "7"]
[White "Zillmann, Shawn"]
[Black "Prakash, Satya"]
[Result "1/2-1/2"]
[WhiteElo "1687"]
[BlackElo "1459"]
[PlyCount "97"]
[EventDate "2019.10.18"]
[EventType "swiss"]
[EventRounds "9"]
[EventCountry "AUS"]
[SourceTitle "EXT 2021"]
[Source "ChessBase"]
[SourceDate "2020.10.23"]
[SourceVersion "1"]
[SourceVersionDate "2020.10.23"]
[SourceQuality "1"]

1. e4 c5 2. c3 d5 3. exd5 Qxd5 4. d4 Nc6 5. Nf3 Nf6 6. Na3 Bf5 7. Be3 cxd4 8. Nxd4 Nxd4 9. Qxd4 a6 10. Nc4 Qxd4 11. Bxd4 e6 12. 0-0-0 Be7 13. Na5 Nd5 14. b3 Ba3+ 15. Kd2 0-0-0 16. Ke1 e5 17. Bxe5 Rhe8 18. Nc4 f6 19. Rxd5 Rxd5 20. Nb6+ Kd8 21. Nxd5 Rxe5+ 22. Ne3 Bc1 23. Be2 Bxe3 24. fxe3 Rxe3 25. Kd2 Re7 26. c4 Rd7+ 27. Kc3 Be4 28. Rg1 Re7 29. Bd3 Bxd3 30. Kxd3 Kc7 31. Rf1 Re5 32. Rf4 Kc6 33. g3 Rh5 34. h4 Kc5 35. Rg4 g5 36. a3 a5 37. Kc3 h6 38. b4+ axb4+ 39. axb4+ Kc6 40. Rd4 gxh4 41. Rxh4 Rg5 42. g4 Rg6 43. Kd4 Kd6 44. c5+ Kc6 45. Kc4 b5+ 46. cxb6 Kxb6 47. b5 Rg5 48. Rxh6 Rxg4+ 49. Kd5 1/2-1/2

[Event "Box Hill op"]
[Site "Box Hill"]
[Date "2019.11.22"]
[Round "5"]
[White "Ilic, Goran1111"]
[Black "Prakash, Satya"]
[Result "0-1"]
[WhiteElo "1568"]
[BlackElo "1459"]
[PlyCount "86"]
[EventDate "2019.10.18"]
[EventType "swiss"]
[EventRounds "9"]
[EventCountry "AUS"]
[SourceTitle "EXT 2021"]
[Source "ChessBase"]
[SourceDate "2020.10.23"]
[SourceVersion "1"]
[SourceVersionDate "2020.10.23"]
[SourceQuality "1"]

1. e4 Nf6 2. e5 Nd5 3. c4 Nb6 4. d4 d6 5. f4 dxe5 6. fxe5 g6 7. Nf3 Bg7 8. Nc3 Bg4 9. Be2 0-0 10. 0-0 c5 11. dxc5 N6d7 12. Qd5 Bxf3 13. Bxf3 Nc6 14. e6 Nf6 15. exf7+ Rxf7 16. Qd1 Qa5 17. Bd5 Qxc5+ 18. Kh1 Nxd5 19. Nxd5 Raf8 20. Rxf7 Rxf7 21. Qe2 Qf2 22. Qxf2 Rxf2 23. Bg5 Rxb2 24. Rf1 e6 25. Nc7 h6 26. Bh4 Nd4 27. Ne8 g5 28. Bg3 Ne2 29. Bb8 Rxa2 30. h4 gxh4 31. Re1 Ng3+ 32. Kh2 Ra1 33. Rxa1 Bxa1 34. Bxa7 Be5 35. c5 Nf5+ 36. Kh3 Kf7 37. Nd6+ Nxd6 38. cxd6 Bxd6 39. Kxh4 b5 40. Be3 b4 41. Bd4 b3 42. Bb2 Be7+ 43. Kg4 Bf6 0-1

[Event "Box Hill op"]
[Site "Box Hill"]
[Date "2019.10.25"]
[Round "2"]
[White "Raine, Marcus"]
[Black "Prakash, Satya"]
[Result "1-0"]
[WhiteElo "1915"]
[BlackElo "1459"]
[PlyCount "97"]
[EventDate "2019.10.18"]
[EventType "swiss"]
[EventRounds "9"]
[EventCountry "AUS"]
[SourceTitle "EXT 2021"]
[Source "ChessBase"]
[SourceDate "2020.10.23"]
[SourceVersion "1"]
[SourceVersionDate "2020.10.23"]
[SourceQuality "1"]

1. e4 c6 2. d4 d5 3. exd5 cxd5 4. Bd3 Qc7 5. c3 Nf6 6. h3 Nc6 7. Nf3 e5 8. dxe5 Nxe5 9. Bc2 Nxf3+ 10. Qxf3 Qe5+ 11. Kd1 Qh5 12. Re1+ Be7 13. Nd2 Be6 14. Qxh5 Nxh5 15. Nf3 0-0-0 16. Be3 Kb8 17. Ke2 Bd6 18. Kf1 h6 19. Nd4 Bd7 20. Nf5 Bxf5 21. Bxf5 g6 22. Bg4 Nf4 23. Rad1 Bc7 24. Bd4 Rhg8 25. Re7 h5 26. Bf3 Bd6 27. Rxf7 Rdf8 28. Rd7 Bc7 29. Bxd5 Nxd5 30. Rxd5 Rf7 31. Be3 Re8 32. Rd7 Rf5 33. R1d5 Rff8 34. Bxa7+ Kxa7 35. Rxc7 Kb6 36. Rdd7 Rb8 37. Rf7 Rfd8 38. Rcd7 Rxd7 39. Rxd7 Rg8 40. Ke2 Kc6 41. Rf7 Re8+ 42. Kd2 Re6 43. f4 b6 44. g4 Rd6+ 45. Kc2 Kd5 46. gxh5 gxh5 47. Rf5+ Ke4 48. Rxh5 Kxf4 49. Kb3 1-0